[Event "HUN-chT2 Asztalos 1112"]
[Site "Hungary"]
[Date "2012.05.20"]
[Round "11.5"]
[White "Palko, Attila"]
[Black "Nemeth, Attila"]
[Result "1/2-1/2"]
[WhiteElo "2193"]
[BlackElo "1584"]
[PlyCount "39"]
[EventDate "2011.09.25"]
[EventType "team-tourn"]
[EventRounds "11"]
[EventCountry "HUN"]
[SourceTitle "EXT 2013"]
[Source "ChessBase"]
[SourceDate "2012.11.22"]
[SourceVersion "1"]
[SourceVersionDate "2012.11.22"]
[SourceQuality "1"]
[WhiteTeam "Szentlorinc"]
[BlackTeam "Komlo"]
[WhiteTeamCountry "HUN"]
[BlackTeamCountry "HUN"]

1. e4 e6 2. d4 d5 3. e5 c5 4. c3 Nc6 5. Bb5 a6 6. Bxc6+ bxc6 7. Ne2 f5 8. h4 a5 9. Nf4 g6 10. g3 cxd4 11. cxd4 c5 12. Be3 cxd4 13. Bxd4 Bb4+ 14. Nc3 Bd7 15. a3 Bxc3+ 16. Bxc3 Ne7 17. 0-0 0-0 18. Re1 Nc6 19. Nxd5 Bc8 20. Nf6+ 1/2-1/2

[Event "HUN-chT2 Asztalos 1112"]
[Site "Hungary"]
[Date "2011.11.13"]
[Round "3.4"]
[White "Molnar, Szabolcs"]
[Black "Palko, Attila"]
[Result "1/2-1/2"]
[WhiteElo "2018"]
[BlackElo "2193"]
[PlyCount "22"]
[EventDate "2011.09.25"]
[EventType "team-tourn"]
[EventRounds "11"]
[EventCountry "HUN"]
[SourceTitle "EXT 2013"]
[Source "ChessBase"]
[SourceDate "2012.11.22"]
[SourceVersion "1"]
[SourceVersionDate "2012.11.22"]
[SourceQuality "1"]
[WhiteTeam "Dombovar"]
[BlackTeam "Szentlorinc"]
[WhiteTeamCountry "HUN"]
[BlackTeamCountry "HUN"]

1. e4 c6 2. d4 d5 3. Nc3 dxe4 4. Nxe4 Bf5 5. Ng3 Bg6 6. Nf3 h6 7. h4 Nf6 8. h5 Bh7 9. Bd3 Bxd3 10. Qxd3 e6 11. Bf4 Bd6 1/2-1/2

[Event "HUN-chT2 9798"]
[Site "Hungary"]
[Date "1998.??.??"]
[Round "?"]
[White "Palko, Attila"]
[Black "Andi, Peter"]
[Result "1/2-1/2"]
[WhiteElo "2275"]
[BlackElo "2230"]
[PlyCount "58"]
[EventDate "1997.??.??"]
[EventType "team-tourn"]
[EventRounds "11"]
[EventCountry "HUN"]
[SourceTitle "EXT 1999"]
[Source "ChessBase"]
[SourceDate "1998.11.16"]
[SourceVersion "1"]
[SourceVersionDate "1998.11.16"]
[SourceQuality "1"]

1. e4 g6 2. d4 Bg7 3. Nf3 c6 4. c4 d6 5. h3 Nf6 6. Bd3 0-0 7. Be3 e5 8. dxe5 dxe5 9. Nc3 Qc7 10. Qc2 Nbd7 11. 0-0-0 Re8 12. g4 Bf8 13. Nd2 Nc5 14. Be2 Ne6 15. Nb3 a6 16. c5 Nf4 17. Bc4 Be6 18. Bxe6 Nxe6 19. Ne2 Rad8 20. f3 Qe7 21. Nc3 Rxd1+ 22. Rxd1 Rd8 23. Rxd8 Qxd8 24. Qd2 Nd7 25. Na4 Be7 26. Kc2 Ng5 27. Bxg5 Bxg5 28. Qb4 Qc7 29. Na5 Nf8 1/2-1/2

[Event "Nyiregyhaza op"]
[Site "Nyiregyhaza"]
[Date "1998.??.??"]
[Round "3"]
[White "Pasztorcsik, Janos"]
[Black "Palko, Attila"]
[Result "1/2-1/2"]
[WhiteElo "2050"]
[BlackElo "2220"]
[PlyCount "66"]
[EventDate "1998.07.??"]
[EventType "swiss"]
[EventRounds "9"]
[EventCountry "HUN"]
[SourceTitle "EXT 2002"]
[Source "ChessBase"]
[SourceDate "2001.11.25"]
[SourceVersion "1"]
[SourceVersionDate "2001.11.25"]
[SourceQuality "1"]

1. e4 c5 2. c3 d5 3. exd5 Qxd5 4. d4 Nf6 5. Nf3 Bg4 6. Be2 e6 7. 0-0 Nc6 8. Be3 cxd4 9. cxd4 Qd7 10. Nc3 Be7 11. h3 Bf5 12. Ne5 Qc8 13. Rc1 0-0 14. f4 Nb4 15. a3 Nc6 16. Bf3 Rb8 17. Qa4 a6 18. g4 Bg6 19. b4 Nd7 20. Nxc6 bxc6 21. Qxc6 Nb6 22. Qxc8 Rfxc8 23. Be2 Nc4 24. Bxc4 Rxc4 25. f5 Rbc8 26. fxg6 Rxc3 27. gxf7+ Kf8 28. g5 Bd6 29. h4 R8c7 30. Rce1 Rxa3 31. Bf4 Bxf4 32. Rxf4 Rxf7 33. Rfe4 Raf3 1/2-1/2

[Event "Pecs Suto op"]
[Site "Pecs"]
[Date "1997.??.??"]
[Round "?"]
[White "Gacso, Tibor"]
[Black "Palko, Attila"]
[Result "1-0"]
[WhiteElo "2190"]
[BlackElo "2275"]
[PlyCount "96"]
[EventDate "1997.??.??"]
[EventType "swiss"]
[EventRounds "9"]
[EventCountry "HUN"]
[SourceTitle "EXT 2004"]
[Source "ChessBase"]
[SourceDate "2003.11.25"]
[SourceVersion "1"]
[SourceVersionDate "2003.11.25"]
[SourceQuality "1"]

1. d4 Nf6 2. c4 g6 3. Nc3 d5 4. cxd5 Nxd5 5. g3 Bg7 6. Bg2 Nxc3 7. bxc3 0-0 8. Nf3 c5 9. 0-0 Nc6 10. e3 Qc7 11. Ba3 cxd4 12. cxd4 Rd8 13. Rc1 Qa5 14. Qb3 Be6 15. Qb2 Bd5 16. Rfe1 Be4 17. Qb3 e6 18. Rc5 Qc7 19. Rcc1 Qb6 20. Qa4 Rd5 21. Bc5 Qd8 22. Ne5 Bxg2 23. Nxc6 bxc6 24. Kxg2 Rc8 25. Rb1 Rh5 26. Rb7 e5 27. Qb3 Qe8 28. Re7 Qf8 29. Rxa7 Qe8 30. Re7 Qf8 31. Rxe5 Qd8 32. Rxh5 gxh5 33. Rb1 h4 34. Qc2 Qd5+ 35. e4 Qe6 36. f3 Rd8 37. Rb4 h5 38. Qc4 Qh6 39. f4 hxg3 40. hxg3 h4 41. gxh4 Qxf4 42. Qd3 Qxh4 43. a4 Re8 44. e5 Rd8 45. Qf5 Qe1 46. Rb2 Kh8 47. Rf2 Rg8 48. Kh2 Bh6 1-0